00514nam a2200157Ia 4500008004100000020001400041245008200055260004900137516002000186650002100206650002500227830002600252856005200278942000700330999001900337150121s9999 xx 000 0 und d a0155-2173 aPhilippine Journal of Veterinary and Animal Sciences /h[electronic resource] bPhilippine Society of Animal Science,c2013. aElectronic text aAnimal Sciences. aVeterinary Medicine. aPhilippine E-Journals uhttp://www.ejournals.ph/index.php?journal=pjvas cEJ c277076d277076